| 000 | 00585nam a2200193 i 4500 | ||
|---|---|---|---|
| 001 | 41636 | ||
| 003 | ES-MaACL | ||
| 007 | t| | ||
| 008 | 030311s1975 sp ||||1| spa d | ||
| 100 | 1 |
_aCasanova, Gaston. _936096 |
|
| 245 | 1 | 3 |
_aEl álgebra de Boole / _cGastón Casanova ; [traducción por Dionisio García Conde]. |
| 260 |
_aMadrid : _bTecnos, _c[1975] |
||
| 300 |
_a118 p. ; _c20 cm. |
||
| 490 | 1 | _aSerie de matemática | |
| 700 | 1 |
_aGarcía Conde, Dionisio. _954377 |
|
| 830 | 0 |
_aSerie de matemática _9182873 |
|
| 852 |
_aES-MaACL _jE-8380 _bR.92683 |
||
| 999 |
_c41636 _d41636 |
||